000 00995nam a2200265Ia 4500
003 OSt
005 20220923220847.0
006 a|||||r|||| 00| 0
007 ta
008 220922b |||||||| |||| 00| 0 hin d
024 _a191,483
037 _cTextual
040 _aARTS
_cARTS
_bhin
041 _2hin
_ahin
082 _aV2y7M69, 152L9
100 _aसेठी, जयदेव
245 0 _aआज के सन्दर्भ में गांधी की प्रासंगिकता, अनु देवेशचन्द्र
246 _aĀj ke sandarbha mean gāandhī kī prāsangikatā, anu0 deveshachandra
260 _aदिल्ली
_b राधाकृष्ण प्रकाशन
_c1979
300 _a200पृ.
_ccm.
650 _a भारत-इतिहास
_9156353
650 _aविश्व-इतिहास
942 _hV2y7M69, 152L9
_cTEXL
_2CC
999 _c344190
_d344190